00356cam a2200121Ia 4500020001500000040000800015082002600023100002000049245003700069260004400106300005900150650002500209 a1741143322 cVYF a940 ALL 2005 A103 Or.1 aStanley, Peter,10aQuinn's Post, Anzac, Gallipoli / aCrows Nest, NSW :bAllen & Unwin,c2005 axxii, 226 p., [24] p. of plates :bill., maps ;c23 cm 0aWorld War, 1914-1918